Oyente de la palabra: fundamentos para una filosofía de la religión
Сохранить в:
| Главный автор: | |
|---|---|
| Формат: | |
| Язык: | испанский |
| Опубликовано: |
Barcelona
Herder
1967
|
| Серии: | Biblioteca Herder. Sección de Teología y Filosofía, 88
|
| Предметы: | |
| Метки: |
Добавить метку
Нет меток, Требуется 1-ая метка записи!
|
MARC
| LEADER | 00000nam a2200000 a 4500 | ||
|---|---|---|---|
| 001 | UCL2456 | ||
| 003 | CL-VaPUC | ||
| 008 | 031024e19670000SP |||||||||||||||||spa|d | ||
| 082 | 0 | 4 | |a 230.01 |b RAH |2 21 |
| 100 | 0 | |a Rahner, Karl |e author |9 314306 | |
| 245 | 1 | 0 | |a Oyente de la palabra: fundamentos para una filosofía de la religión |
| 300 | |a 239 p | ||
| 942 | |c BK | ||
| 945 | |d 20031024 00:00:00 |a vberengu | ||
| 260 | |a Barcelona |b Herder |c 1967 | ||
| 650 | 0 | |a Teología |9 258766 | |
| 650 | 0 | |a Teología cristiana |9 308336 | |
| 650 | 0 | |a Cristianismo |9 257361 | |
| 650 | 0 | |a Filosofía de la religión |9 256017 | |
| 650 | 7 | |a HOMBRE |2 CL-VaPUC |9 262149 | |
| 583 | |a last modification |c 20031024 00:00:00 |k Rodrigo Vera | ||
| 490 | 0 | |a Biblioteca Herder. Sección de Teología y Filosofía, 88 | |
| 999 | |c 305762 |d 305760 | ||
| 952 | |0 0 |1 0 |4 0 |6 230_010000000000000_RAH_1967 |7 0 |8 A |9 370138 |a BIBTEO |b BIBTEO |d 2019-11-21 |i 2091291 |o 230.01 RAH 1967 |p 2091291 |r 2025-01-17 |w 2019-11-21 |y BK |k ICR | ||